000 00695cam a2200253 4500
008 090401t1994 xxu||||| |||| 00| 0 eng d
020 _a0750616172
035 _a(Sirsi) u31105
041 _aeng
050 _a720.026
100 _aGreenstreet, Robert
245 _aLegal and contractual procedures for architects.
250 _a4th ed.
260 _aOxford
_bButterworth Architecture
_c1994
300 _a110p. ; 21x30cm.
350 _a19.95
520 _aWith additional material by Karen Greenstreet.
650 _aContracts
_96232
650 _aLAW
690 _aBUILT ENVIRONMENT-BUILDING CONTRACT FORMS
700 _aChappell, David
942 _n0
948 _c04/03/1997
999 _c89557
_d89557